000 00465nam a22001817a 4500
005 20220530103421.0
008 220530b ||||| |||| 00| 0 eng d
020 _a8172060955
040 _aIN-DiNC
_cIN-DiNC
041 _dasm
082 _a891.4514
100 _aGoswami Hemchandra
_eauthor
245 _aAsamiya sahityar chaneki
_cby Henchandra Goswami
250 _a2nd ed.
260 _aGuwahati
_bBani Mandir
_c2002
440 _aVol. II
942 _2ddc
_cBK
999 _c11311
_d11311